000 00735nam a2200253Ia 4500
003 OSt
005 20221006160509.0
006 a|||||r|||| 00| 0
007 ta
008 221006b |||||||| |||| 00| 0 eng d
024 _a45,326
037 _cSeries Articles
040 _aEASL
_cEASL
_beng
041 _2eng
_aeng
100 _aOyen Meredith
_9673897
245 0 _aRight of Return
_b Chinese displaced persons and the international refugees organization,1947-56
260 _aNew York
_bCambridge University Press U.K
_c2015
300 _a439-468 Pp.
_ccm.
490 _v49
650 _a forum article
_9673898
650 _aAsian Studies
942 _cREF
_2CC
999 _c1113418
_d1113418